[Event "SLO-chT U20 17th"]
[Site "Murska Sobota"]
[Date "2008.08.27"]
[Round "3.4"]
[White "Bukovec, Tina"]
[Black "Kozole, Tilen"]
[Result "1-0"]
[WhiteElo "1929"]
[BlackElo "1500"]
[PlyCount "23"]
[EventDate "2008.08.30"]
[EventType "team-tourn"]
[EventRounds "7"]
[EventCountry "SLO"]
[SourceTitle "EXT 2010"]
[Source "ChessBase"]
[SourceDate "2010.11.25"]
[SourceVersion "1"]
[SourceVersionDate "2010.11.25"]
[SourceQuality "1"]
[WhiteTeam "Maribor LANCom"]
[BlackTeam "Triglav Krsko"]
[WhiteTeamCountry "SLO"]
[BlackTeamCountry "SLO"]

1. e4 e5 2. Nc3 Nf6 3. Bc4 Bc5 4. d3 Nc6 5. f4 0-0 6. Nf3 Ng4 7. Ng5 Nf2 8. Qh5 h6 9. Nxf7 Qe8 10. Nxh6+ Kh7 11. Nf7+ Kg8 12. Qh8# 1-0